000 00321 a2200133 4500
001 66287
082 _a815.508 KAD
090 _c38530
_d38530
100 _aJohn Kador
245 _a50 High Impact Speeches and Remarks
260 _aNew york
_bMcGraw Hill
_c2004
300 _a280p.
740 _aHigh Impact Speeches
942 _aNUST-CAE
_k815.508 KAD
999 _c301360
_d301360